000 00673nam a2200121Ia 4500
008 220615s9999||||xx |||||||||||||| ||und||
245 4 _aThe Handbook of Salutogenesis
546 _aEnglish[eng]
650 _aHealth Promotion and Disease Prevention||Medical Sociology||Health Psychology
700 _aMittelmark, Maurice B.||Sagy, Shifra||Eriksson, Monica||Bauer, Georg F.||Pelikan, Jürgen M.||Lindström, Bengt||Espnes, Geir Arild
856 _uhttps://library.oapen.org/bitstream/20.500.12657/27747/1/1002258.pdf||https://library.oapen.org/bitstream/20.500.12657/27747/1/1002258.pdf||https://library.oapen.org/bitstream/20.500.12657/27747/1/1002258.pdf
942 _cEB
999 _c13871
_d13871